000 00643nam a22002177a 4500
003 UA-OsUOA
001 100708
007 ta
008 20130529b un ||||| |||| 00| 0 ukr d
090 _a821.161.1
_bФ84
942 _cBK
040 _aUA-OsUOA
_brus
_cUA-OsUOA
_dUA-OsUOA
245 _aФранцузкая новелла ХХ века 1940-1970
_cсост. В. Балашов
300 _a574 с.
955 _a3
041 _arus
080 _a821.161.1
260 _aМ.
_bХудожественная литература
_c1976
650 7 _a82 Література. Літературознавство
_2UDC
999 _c386894
_d386894